Normal view
MARC view
- Tutchell, Suzy,
Entry Personal Name
001 - CONTROL NUMBER
- control field: 44745
003 - CONTROL NUMBER IDENTIFIER
- control field: OSt
005 - DATE AND TIME OF LATEST TRANSACTION
- control field: 20220315143747.0
008 - FIXED-LENGTH DATA ELEMENTS
- fixed length control field: 220315|| aca||aabn | a|a d
040 ## - CATALOGING SOURCE
- Original cataloging agency: OSt
- Transcribing agency: OSt
100 ## - HEADING--PERSONAL NAME
- Personal name: Tutchell, Suzy,
- Relator term: editor
670 ## - SOURCE DATA FOUND
- Source citation: Work cat.: (OSt)0: Teaching the arts in the primary curriculum/
